[Event "CHI-ch sf qual U1600"]
[Site "Quilpue"]
[Date "2019.11.02"]
[Round "1.2"]
[White "Mujica Alcantara, Cristhian Luis"]
[Black "Lineros Fuenzalida, Rodrigo"]
[Result "1-0"]
[WhiteElo "1629"]
[BlackElo "1126"]
[PlyCount "81"]
[EventDate "2019.11.02"]
[EventType "swiss"]
[EventRounds "6"]
[EventCountry "CHI"]
[SourceTitle "EXT 2024"]
[Source "ChessBase"]
[SourceDate "2023.10.10"]
[SourceVersion "1"]
[SourceVersionDate "2023.10.10"]
[SourceQuality "1"]

1. d4 e6 2. c4 d5 3. Nc3 Nf6 4. Nf3 c5 5. e3 Nc6 6. Bd3 Bd6 7. 0-0 Qb6 8. Na4 Qc7 9. dxc5 Be5 10. cxd5 exd5 11. Nxe5 Nxe5 12. Be2 0-0 13. b4 b6 14. Bb2 Neg4 15. g3 b5 16. Bxb5 Ne4 17. Qxd5 Bb7 18. c6 Ngf6 19. Bxf6 Nxf6 20. Qf3 Bc8 21. Rac1 Rd8 22. Bc4 Bg4 23. Qf4 Qxf4 24. exf4 Rac8 25. a3 Rc7 26. b5 Rd4 27. b6 axb6 28. Nxb6 Rxc6 29. Bxf7+ Kxf7 30. Rxc6 Bf3 31. Rc7+ Kg6 32. Nc4 Be2 33. Ne5+ Kf5 34. Re1 Nd5 35. Rf7+ Ke6 36. Rxe2 Kd6 37. Rd7+ Kc5 38. Rc2+ Kb6 39. Rc3 Ka5 40. Rc5+ Kb6 41. Rcxd5 1-0